Thomas Characters - Statistics

General Stats
  • This quiz has been taken 32 times
    7 since last reset
  • The average score is 18 of 22
Answer Stats
Basis Character % Correct
BR 28 Boco
100%
BR 101 Daisy
100%
Caledonian 812 Donald / Douglas
100%
GWR 57XX Duck
100%
FR K2 Edward
100%
GNR Stirling Single Emily
100%
LNER A3 Gordon/ Flying Scotsman
100%
LMS Black 5 Henry
100%
L&YR 28 James
100%
LBSC E2 Thomas
100%
LNER J70 Toby
100%
Bagnall 0-4-0 Bill / Ben
80%
BR 08 Diesel / Splatter / Dodge / Arry / Bert / Paxton / Sidney
80%
BR 04 Mavis
80%
GWR 14XX Oliver
80%
GWR Saddle tank Percy
80%
LNER A4 Spencer
80%
BR 42 Diesel 10
60%
BR 07 Salty
60%
LMS 2MT Arthur
40%
LNER D16 Molly
40%
LBSC A1 Stepney
40%
No matching quizzes found
Score Distribution
Percent of People with Each Score
Percentile by Number Answered
Your Score History
You have not taken this quiz since the last reset